Rhymes with 'HINT' Quiz Stats

Quiz Updated Sep 25, 2015

Also try: Rhymes With Jumble
Challenge
Share
Tweet
Embed
Score 0/14 Timer 02:00
1 Play Today
% Correct
mint
96.6%
lint
93.2%
tint
87.4%
dint
81.8%
flint
77.7%
bint
72%
stint
70.3%
% Correct
glint
61.2%
quint
57.5%
print
55%
splint
40.3%
sprint
38.4%
squint
35.7%
skint
30.1%

You're not logged in!

Compare scores with friends on all Sporcle quizzes.
Join for Free
OR
Log In

You Might Also Like...

Show Comments

Extras

Top Quizzes Today


Score Distribution

Your Account Isn't Verified!

In order to create a playlist on Sporcle, you need to verify the email address you used during registration. Go to your Sporcle Settings to finish the process.

Report this User

Report this user for behavior that violates our Community Guidelines.

Details: